Представление документа в формате RUSMARC

ПолеНазваниеЗначение
  Тип записи a
  Библиографический уровень m
001 Контрольный номер RU/REG73/CBS_GRAD/dbef23bf10ff4108b8a715ed588a1743
005 Дата корректировки 20260414133729.1
010 Индекс ISBN __
a ISBN 5-08-001268-4
b Уточнения в пер.
9 Тираж 100000 экз.
100 Данные общей обработки __
a Данные общей обработки 20260414d1989 |||y0rusy0189## ca
101 Язык документа 0_
a Язык текста rus
102 Страна публикации __
a Страна публикации RU
105 Кодированные данные (монография) __
a Кодированные данные (монография) a z 000yy
200 Заглавие и сведения об ответственности 1_
a Заглавие Каменное зодчество Древней Руси
f Первые сведения об ответственности Ирина Леонидовна Бусева-Давыдова
g Последующие сведения об ответственности вступительное слово В. Черного
g Последующие сведения об ответственности отв. редактор А. Проворова
203 Вид содержания и тип средства __
a Вид содержания Текст
b Характеристика содержания визуальный
c Тип средства непосредственный
210 Выходные данные 1_
a Место издания Москва
c Издательство Детская литература
d Дата издания 1989
215 Физическое описание __
a Объем 144 с.
c Иллюстрации/тип воспроизводства фотоил.
225 Серия 1_
a Серия Библиотечная серия
606 Тематические рубрики 0_
a Основная рубрика Архитектура России
610 Ключевые слова 0_
a Ключевые слова древнерусское зодчество; древнерусские памятники; деревянная архитектура
686 Индексы других классификаций __
a Классификационный индекс 85.113(2)
2 Код системы rubbk
700 Автор _1
a Фамилия Бусева-Давыдова
b Имя (инициалы) И. Л.
g Полное личное имя Ирина Леонидовна
702 Вторичная интеллектуальная ответственность _1
a Фамилия Черный
b Имя (инициалы) В. Д.
4 Код отношения 080
702 Вторичная интеллектуальная ответственность _1
a Фамилия Проворова
b Имя (инициалы) А. А.
4 Код отношения 340
801 Источник записи _0
a Страна RU
b Организация RuCBSGrad
c Дата составления 20260414
g Правила каталогизации RCR
801 Источник записи _1
a Страна RU
b Организация RuCBSGrad
c Дата составления 20260414
g Правила каталогизации RCR
852 Данные о местонахождении __
a Наименование организации МБУК "ЦБС г.Димитровграда"
i Авторский знак Б 92
z Тип записи R
901 Тип документа __
t Тип документа m
909 Создатель записи __
b Дата создания записи 20260414
a Создатель записи Гонюкова